[Event "LSS SA-2021-0-00754"]
[Site "LSS email"]
[Date "2021.03.26"]
[Round "?"]
[White "Lombart, Philippe"]
[Black "Habes, Jiri"]
[Result "1/2-1/2"]
[WhiteElo "2091"]
[BlackElo "2008"]
[PlyCount "101"]
[EventDate "2021.02.22"]
[EventType "tourn (corr)"]
[EventRounds "6"]
[EventCountry "GER"]
[SourceTitle "Corr 2024"]
[Source "ChessBase"]
[SourceDate "2023.10.19"]
[SourceVersion "1"]
[SourceVersionDate "2023.10.19"]
[SourceQuality "1"]

1. d4 d5 2. c4 e6 3. Nc3 Nf6 4. Bg5 dxc4 5. e4 c5 6. Bxf6 Qxf6 7. d5 exd5 8. Nxd5 Qd8 9. Bxc4 Nc6 10. f4 g6 11. Nf3 Bg7 12. 0-0 0-0 13. e5 Be6 14. Rc1 Rc8 15. Ne3 Nd4 16. g3 Bxc4 17. Nxc4 Qd5 18. Nd6 Rcd8 19. Nxd4 cxd4 20. Qf3 Qxf3 21. Rxf3 Rd7 22. Ne4 f6 23. exf6 Bxf6 24. Kf2 d3 25. Rd1 Bd4+ 26. Kg2 Bxb2 27. Rfxd3 Re7 28. Kf3 Rfe8 29. Nd6 Rd8 30. Nc4 Rxd3+ 31. Rxd3 Bf6 32. Rd8+ Kg7 33. Nd6 h5 34. a4 Kh6 35. Rf8 Bd4 36. Ne4 Bb6 37. Rf6 Kg7 38. Rd6 Ba5 39. Rd5 b6 40. Rd6 Bb4 41. Rc6 Rd7 42. Ng5 Re7 43. h3 Ba3 44. g4 hxg4+ 45. hxg4 Rd7 46. Ke3 Re7+ 47. Ne4 Rd7 48. Rc8 Be7 49. Rc6 Kf7 50. Rc8 Kg7 51. Rc6 1/2-1/2

[Event "SB-2021-0-00607"]
[Site "LSS email"]
[Date "2021.01.13"]
[Round "?"]
[White "Csaba, Fodor"]
[Black "Habes, Jiri"]
[Result "1/2-1/2"]
[WhiteElo "1877"]
[BlackElo "1968"]
[PlyCount "87"]
[EventDate "2020.11.14"]
[EventType "tourn (corr)"]
[EventRounds "6"]
[EventCountry "GER"]
[SourceTitle "Corr 2024"]
[Source "ChessBase"]
[SourceDate "2023.10.19"]
[SourceVersion "1"]
[SourceVersionDate "2023.10.19"]
[SourceQuality "1"]

1. e4 c5 2. Nf3 d6 3. d4 cxd4 4. Nxd4 Nf6 5. Nc3 a6 6. Be3 e6 7. Be2 b5 8. Bf3 e5 9. Nf5 g6 10. Nh6 Nbd7 11. 0-0 Bb7 12. Bg5 Be7 13. a3 Nc5 14. Re1 Rc8 15. g3 Ne6 16. Be3 Rc4 17. Nd5 Bxd5 18. exd5 Nd4 19. c3 Nxf3+ 20. Qxf3 Rf8 21. Rec1 Nd7 22. b3 Rc8 23. h4 Nc5 24. Bxc5 Rxc5 25. a4 f5 26. axb5 axb5 27. c4 Qb6 28. Qe2 Kd7 29. Kg2 Rfc8 30. Qd3 Rf8 31. Qe3 Qb7 32. h5 Ra8 33. Rab1 Rf8 34. Ra1 Ra8 35. Rcb1 Rxa1 36. Rxa1 Kc8 37. Qe2 Bg5 38. Ng4 Bd8 39. Ne3 bxc4 40. bxc4 Ra5 41. Rc1 Qa7 42. Qd3 Qd4 43. Qb3 Qe4+ 44. Kg1 1/2-1/2

[Event "RB-2020-0-00394"]
[Site "LSS email"]
[Date "2020.09.02"]
[Round "?"]
[White "Habes, Jiri"]
[Black "Kraujunas, Vladas"]
[Result "1/2-1/2"]
[WhiteElo "1966"]
[BlackElo "1890"]
[PlyCount "73"]
[EventDate "2020.03.30"]
[EventType "tourn (corr)"]
[EventRounds "6"]
[EventCountry "GER"]
[SourceTitle "Corr 2022"]
[Source "ChessBase"]
[SourceDate "2021.10.24"]
[SourceVersion "1"]
[SourceVersionDate "2021.10.24"]
[SourceQuality "1"]

1. d4 d5 2. c4 e6 3. Nc3 Nf6 4. Nf3 Be7 5. e3 0-0 6. h3 b6 7. cxd5 exd5 8. Bd3 Bb7 9. b3 Nbd7 10. 0-0 Re8 11. Qc2 a6 12. Bb2 Bd6 13. Rac1 Rc8 14. Qe2 b5 15. a4 c6 16. Rc2 Ne4 17. Rfc1 Qe7 18. Qd1 g6 19. Ne2 c5 20. dxc5 Ndxc5 21. Bd4 b4 22. Ne1 Rcd8 23. Bxe4 dxe4 24. Rd2 a5 25. Nf4 h6 26. Bxc5 Bxc5 27. Nd5 Bxd5 28. Rxd5 Bd6 29. Rc2 Qf6 30. Rcd2 Bc7 31. g3 Rxd5 32. Rxd5 Re5 33. Nc2 Rf5 34. Rd2 Be5 35. Ne1 Qc6 36. Rd5 Qf6 37. Rd2 1/2-1/2

[Event "SB-2020-0-00599"]
[Site "LSS email"]
[Date "2020.07.31"]
[Round "?"]
[White "Kraujunas, Vladas"]
[Black "Habes, Jiri"]
[Result "1/2-1/2"]
[WhiteElo "1890"]
[BlackElo "1970"]
[PlyCount "89"]
[EventDate "2020.06.02"]
[EventType "tourn (corr)"]
[EventRounds "6"]
[EventCountry "GER"]
[SourceTitle "Corr 2022"]
[Source "ChessBase"]
[SourceDate "2021.10.24"]
[SourceVersion "1"]
[SourceVersionDate "2021.10.24"]
[SourceQuality "1"]

1. e4 c5 2. Nf3 d6 3. d4 cxd4 4. Nxd4 Nf6 5. Nc3 a6 6. Bg5 e6 7. f4 Be7 8. Qf3 Qc7 9. 0-0-0 h6 10. Bh4 Nbd7 11. Be2 b5 12. Bxf6 Nxf6 13. e5 Bb7 14. Qg3 dxe5 15. fxe5 Ne4 16. Nxe6 Qxc3 17. Nxg7+ Kf8 18. Ne6+ Ke8 19. Qxc3 Nxc3 20. Nc7+ Kf8 21. bxc3 Rc8 22. Nd5 Bxd5 23. Rxd5 Rg8 24. Bf3 Rxc3 25. Re1 Ba3+ 26. Kb1 Ke7 27. Red1 Rgc8 28. Rd7+ Kf8 29. Bh5 R8c7 30. Rxc7 Rxc7 31. Rf1 Kg7 32. Rf3 Bc5 33. c3 Re7 34. Rf5 Bg1 35. h3 Bh2 36. Kc2 Bxe5 37. Bxf7 Bf6 38. Bd5 Re2+ 39. Kd3 Rb2 40. Rf3 Kg6 41. Re3 a5 42. g3 Bg5 43. Re2 Rxe2 44. Kxe2 Be7 45. Bc6 1/2-1/2

[Event "SB-2020-0-00599"]
[Site "LSS email"]
[Date "2020.07.31"]
[Round "?"]
[White "Peterson, Oscar"]
[Black "Habes, Jiri"]
[Result "0-1"]
[WhiteElo "1931"]
[BlackElo "1970"]
[PlyCount "40"]
[EventDate "2020.06.02"]
[EventType "tourn (corr)"]
[EventRounds "6"]
[EventCountry "GER"]
[SourceTitle "Corr 2022"]
[Source "ChessBase"]
[SourceDate "2021.10.24"]
[SourceVersion "1"]
[SourceVersionDate "2021.10.24"]
[SourceQuality "1"]

1. d4 d5 2. c4 e6 3. Nf3 Nf6 4. Nc3 dxc4 5. e4 Bb4 6. Bg5 c5 7. Bxc4 cxd4 8. Nxd4 Bxc3+ 9. bxc3 Qa5 10. Bb5+ Nbd7 11. Bxf6 Qxc3+ 12. Kf1 gxf6 13. h4 Qa5 14. Rh3 a6 15. Be2 Nc5 16. Nb3 Nxb3 17. Qxb3 Rb8 18. Rd1 Bd7 19. Qg3 Qe5 20. Qg7 Ke7 0-1

[Event "RA-2020-0-00662"]
[Site "LSS email"]
[Date "2020.06.05"]
[Round "?"]
[White "Habes, Jiri"]
[Black "Hatsek, Werner"]
[Result "1/2-1/2"]
[WhiteElo "1953"]
[BlackElo "2070"]
[PlyCount "143"]
[EventDate "2020.02.28"]
[EventType "tourn (corr)"]
[EventRounds "6"]
[EventCountry "GER"]
[SourceTitle "Corr 2022"]
[Source "ChessBase"]
[SourceDate "2021.10.24"]
[SourceVersion "1"]
[SourceVersionDate "2021.10.24"]
[SourceQuality "1"]

1. e4 c5 2. Nf3 e6 3. d4 cxd4 4. Nxd4 a6 5. c4 Nf6 6. Nc3 Bb4 7. f3 0-0 8. Be2 Qc7 9. Bg5 Nc6 10. Qd2 Rd8 11. Nc2 Be7 12. Bf4 Ne5 13. Rc1 b5 14. cxb5 Qb8 15. a3 axb5 16. Nb4 h6 17. 0-0 Qb6+ 18. Be3 Qb8 19. Bxb5 Nc6 20. Nd3 Na5 21. Qf2 Nb3 22. Rcd1 d5 23. Nb4 Bd7 24. Bxd7 Bxb4 25. axb4 Rxd7 26. b5 Qc7 27. b6 Qb8 28. exd5 exd5 29. Rfe1 d4 30. Bxd4 Nxd4 31. Rxd4 Qxb6 32. Rxd7 Nxd7 33. Qxb6 Nxb6 34. Kf2 Kf8 35. Re4 Rc8 36. Rb4 Nc4 37. Nd5 Nd6 38. Ne3 Ke7 39. Ke2 Rc1 40. Ra4 g5 41. f4 Ke6 42. Kf3 Rc5 43. Rb4 Rc1 44. Rb6 f5 45. Ra6 Rc5 46. g3 Kd7 47. Ra7+ Ke6 48. Rh7 Nf7 49. Rg7 Rb5 50. Rg6+ Kd7 51. b4 gxf4 52. gxf4 Nd6 53. Nc2 Rd5 54. Rxh6 Nc4 55. Rh7+ Kd6 56. Ne1 Rd1 57. Ng2 Ke6 58. Rh6+ Kd7 59. h4 Rb1 60. Rh7+ Ke6 61. Rb7 Rb3+ 62. Kf2 Rb2+ 63. Kg3 Rb3+ 64. Kh2 Rb2 65. h5 Ne3 66. Rg7 Ng4+ 67. Kg3 Rxb4 68. Kh4 Rb2 69. Ne1 Rh2+ 70. Kg5 Nf6 71. Ra7 Rxh5+ 72. Kg6 1/2-1/2

[Event "SB-2020-0-00594"]
[Site "LSS email"]
[Date "2020.04.22"]
[Round "?"]
[White "Csernus, Robert"]
[Black "Habes, Jiri"]
[Result "1/2-1/2"]
[WhiteElo "1956"]
[BlackElo "1961"]
[PlyCount "97"]
[EventDate "2020.01.28"]
[EventType "tourn (corr)"]
[EventRounds "6"]
[EventCountry "GER"]
[SourceTitle "Corr 2022"]
[Source "ChessBase"]
[SourceDate "2021.10.24"]
[SourceVersion "1"]
[SourceVersionDate "2021.10.24"]
[SourceQuality "1"]

1. d4 d5 2. c4 e6 3. Nc3 Nf6 4. cxd5 exd5 5. Bg5 c6 6. e3 h6 7. Bh4 Be7 8. Qc2 0-0 9. Bd3 Re8 10. Nge2 Nbd7 11. 0-0 Ne4 12. Bxe7 Qxe7 13. Rae1 Ndf6 14. f3 Nxc3 15. bxc3 Qxe3+ 16. Kh1 Bd7 17. Qd1 Qe6 18. Qd2 b6 19. Nf4 Qd6 20. h4 c5 21. g4 Rxe1 22. Rxe1 Re8 23. Rxe8+ Nxe8 24. dxc5 bxc5 25. Kg2 Bc6 26. h5 Nc7 27. Be4 Qe5 28. Nd3 Qe7 29. Bf5 a5 30. Qf4 Be8 31. Ne5 Nb5 32. c4 dxc4 33. Nxc4 Qe2+ 34. Kg3 Nd4 35. Nd6 Qe1+ 36. Kg2 Nxf5 37. Nxf5 Qe2+ 38. Kg3 Bc6 39. Qb8+ Kh7 40. Qf4 Qe1+ 41. Kh3 Qf1+ 42. Kg3 Qg1+ 43. Kh3 Qf2 44. Nxh6 Qxf3+ 45. Qxf3 Bxf3 46. Nxf7 Bd5 47. Nd6 Bxa2 48. Ne4 a4 49. Nxc5 1/2-1/2

[Event "RB-2020-0-00389"]
[Site "LSS email"]
[Date "2020.03.09"]
[Round "?"]
[White "Habes, Jiri"]
[Black "Kraujunas, Vladas"]
[Result "1-0"]
[WhiteElo "1925"]
[BlackElo "1869"]
[PlyCount "137"]
[EventDate "2020.01.22"]
[EventType "tourn (corr)"]
[EventRounds "6"]
[EventCountry "GER"]
[SourceTitle "Corr 2022"]
[Source "ChessBase"]
[SourceDate "2021.10.24"]
[SourceVersion "1"]
[SourceVersionDate "2021.10.24"]
[SourceQuality "1"]

1. e4 e5 2. Nf3 Nc6 3. Bc4 Bc5 4. c3 Nf6 5. d3 d6 6. b4 Bb6 7. a4 a6 8. 0-0 0-0 9. Re1 h6 10. Nbd2 Ne7 11. a5 Ba7 12. Nf1 Ng6 13. Be3 Bxe3 14. Nxe3 c6 15. Ba2 Re8 16. Qd2 Bd7 17. Bb3 Qe7 18. g3 Bh3 19. Qb2 Rad8 20. Nc4 Nh5 21. Nb6 Qf6 22. Re3 Nhf4 23. Ne1 Ne6 24. Qe2 Qg5 25. Kh1 Bg4 26. f3 Bh3 27. d4 exd4 28. Bxe6 Rxe6 29. cxd4 Bf1 30. Qf2 Bb5 31. f4 Qe7 32. Qc2 d5 33. e5 Qxb4 34. Rb3 Qxd4 35. Rd1 Rxe5 36. fxe5 Qg4 37. Nd3 d4 38. Re1 c5 39. Nf2 Bc6+ 40. Kg1 Qe6 41. Nd3 c4 42. Qxc4 Qf5 43. Nb4 Nxe5 44. Nxc6 bxc6 45. Qe2 f6 46. Rf1 Qe6 47. Rbb1 d3 48. Qe4 d2 49. Na4 Qd6 50. Rfd1 Qa3 51. Kg2 h5 52. Ra1 Qb3 53. Nc5 Qb5 54. Ne6 f5 55. Rab1 fxe4 56. Rxb5 Ng4 57. Rbb1 Re8 58. Nf4 Ne3+ 59. Kf2 Nxd1+ 60. Rxd1 e3+ 61. Ke2 c5 62. Nd5 c4 63. Ra1 Re5 64. Nxe3 c3 65. Kd3 g5 66. Nd1 Re1 67. Kc2 Rh1 68. Rb1 Rxh2 69. Rb6 1-0

[Event "SA-2020-0-00714"]
[Site "LSS email"]
[Date "2020.01.31"]
[Round "?"]
[White "Evans, Stan"]
[Black "Habes, Jiri"]
[Result "0-1"]
[WhiteElo "2020"]
[BlackElo "1976"]
[PlyCount "60"]
[EventDate "2019.12.29"]
[EventType "tourn (corr)"]
[EventRounds "6"]
[EventCountry "GER"]
[SourceTitle "Corr 2022"]
[Source "ChessBase"]
[SourceDate "2021.10.24"]
[SourceVersion "1"]
[SourceVersionDate "2021.10.24"]
[SourceQuality "1"]

1. e4 c5 2. Nf3 d6 3. d4 cxd4 4. Nxd4 Nf6 5. Nc3 a6 6. Bg5 e6 7. f4 Nbd7 8. Qe2 Qc7 9. 0-0-0 b5 10. a3 Bb7 11. g4 h6 12. Bh4 Rc8 13. Bxf6 Nxf6 14. Bg2 Qc4 15. Rd3 Nd7 16. h4 Nc5 17. Rd2 Qxe2 18. Ndxe2 g6 19. h5 g5 20. f5 exf5 21. gxf5 Be7 22. Rg1 g4 23. b4 Nd7 24. f6 Bf8 25. Rf1 Ne5 26. Nd5 Rg8 27. Nb6 Rc6 28. Nd5 Rc4 29. Kb2 Rc6 30. Rf5 Nc4+ 0-1

[Event "SB-2020-0-00590"]
[Site "LSS email"]
[Date "2020.01.21"]
[Round "?"]
[White "Habes, Jiri"]
[Black "Herzog, Agnes"]
[Result "1-0"]
[WhiteElo "1968"]
[BlackElo "1851"]
[PlyCount "43"]
[EventDate "2019.12.16"]
[EventType "tourn (corr)"]
[EventRounds "6"]
[EventCountry "GER"]
[SourceTitle "Corr 2022"]
[Source "ChessBase"]
[SourceDate "2021.10.24"]
[SourceVersion "1"]
[SourceVersionDate "2021.10.24"]
[SourceQuality "1"]

1. e4 e5 2. Nf3 Nc6 3. Bc4 Bc5 4. c3 Nf6 5. d3 a6 6. b4 Ba7 7. a4 d6 8. 0-0 Ne7 9. Nbd2 0-0 10. h3 Ng6 11. d4 Qe7 12. Re1 Bd7 13. Nf1 exd4 14. cxd4 d5 15. exd5 Qxb4 16. Ne3 Rfe8 17. Bb3 Qd6 18. Ba3 Qf4 19. g3 Qh6 20. h4 Ne4 21. Rc1 Rac8 22. d6 1-0

[Event "RB-2020-0-00384"]
[Site "LSS email"]
[Date "2020.01.07"]
[Round "?"]
[White "Habes, Jiri"]
[Black "Obukhov, Gennady Nikolaevich"]
[Result "1/2-1/2"]
[WhiteElo "1995"]
[BlackElo "1957"]
[PlyCount "40"]
[EventDate "2019.11.08"]
[EventType "tourn (corr)"]
[EventRounds "6"]
[EventCountry "GER"]
[SourceTitle "Corr 2022"]
[Source "ChessBase"]
[SourceDate "2021.10.24"]
[SourceVersion "1"]
[SourceVersionDate "2021.10.24"]
[SourceQuality "1"]

1. e4 e5 2. Nf3 Nc6 3. Bc4 Nf6 4. d3 Bc5 5. 0-0 d6 6. c3 a5 7. Bg5 0-0 8. Bh4 Be6 9. Bxe6 fxe6 10. d4 exd4 11. cxd4 Bb6 12. Nc3 Qe8 13. Kh1 Qg6 14. Re1 Nh5 15. Rc1 Rae8 16. a3 h6 17. Bg3 Nxg3+ 18. fxg3 Rf7 19. Na4 Ba7 20. e5 d5 1/2-1/2

[Event "SB-2019-0-00587"]
[Site "LSS email"]
[Date "2019.12.25"]
[Round "?"]
[White "Habes, Jiri"]
[Black "Csernus, Robert"]
[Result "0-1"]
[WhiteElo "2002"]
[BlackElo "1996"]
[PlyCount "116"]
[EventDate "2019.10.29"]
[EventType "tourn (corr)"]
[EventRounds "6"]
[EventCountry "GER"]
[SourceTitle "Corr 2022"]
[Source "ChessBase"]
[SourceDate "2021.10.24"]
[SourceVersion "1"]
[SourceVersionDate "2021.10.24"]
[SourceQuality "1"]

1. e4 g6 2. d4 d6 3. c4 Bg7 4. Nc3 Nf6 5. Be2 0-0 6. Be3 e5 7. d5 a5 8. h4 Na6 9. h5 Nc5 10. h6 Bh8 11. Qc2 a4 12. 0-0-0 Bd7 13. Nh3 Qb8 14. Rdg1 a3 15. b3 c6 16. dxc6 bxc6 17. Bxc5 dxc5 18. Rd1 Rd8 19. Ng5 Ne8 20. Rd3 Bf6 21. Qd2 Bg4 22. Rxd8 Qxd8 23. Qxd8 Rxd8 24. Nxf7 Kxf7 25. Bxg4 Bg5+ 26. Kb1 Rd2 27. Rf1 Rb2+ 28. Ka1 Nf6 29. Bf3 Bxh6 30. Na4 Rd2 31. Nc3 Rc2 32. Na4 Bf8 33. Kb1 Rd2 34. Nc3 g5 35. Bd1 g4 36. Bc2 g3 37. fxg3 Bh6 38. Rf3 Rxg2 39. Bd3 Rb2+ 40. Ka1 Kg6 41. Nb1 Bd2 42. Nxd2 Rxd2 43. Kb1 Nh5 44. Bf1 Rh2 45. Rf8 Nf6 46. Bd3 h5 47. Ra8 Rg2 48. Rxa3 Rxg3 49. Kc2 h4 50. Bf1 Rf3 51. Be2 Rf2 52. Kd2 h3 53. b4 Nxe4+ 54. Ke1 h2 55. Rh3 Ng5 56. Rh4 Rg2 57. b5 cxb5 58. cxb5 Rg1+ 0-1

[Event "SB-2019-0-00587"]
[Site "LSS email"]
[Date "2019.12.25"]
[Round "?"]
[White "Knoeppel, Bjoern"]
[Black "Habes, Jiri"]
[Result "1-0"]
[WhiteElo "1911"]
[BlackElo "2002"]
[PlyCount "113"]
[EventDate "2019.10.29"]
[EventType "tourn (corr)"]
[EventRounds "6"]
[EventCountry "GER"]
[SourceTitle "Corr 2022"]
[Source "ChessBase"]
[SourceDate "2021.10.24"]
[SourceVersion "1"]
[SourceVersionDate "2021.10.24"]
[SourceQuality "1"]

1. b3 e5 2. Bb2 Nc6 3. e3 d5 4. Bb5 Bd6 5. f4 f6 6. Qh5+ g6 7. Qh4 exf4 8. Nc3 fxe3 9. dxe3 a6 10. Bxc6+ bxc6 11. Nf3 Qd7 12. 0-0-0 Qg4 13. Qf2 Ne7 14. h3 Qg3 15. Qg1 Bb4 16. e4 0-0 17. e5 Qf4+ 18. Kb1 fxe5 19. Ne2 Qf5 20. Ng3 Qf4 21. Bxe5 Qh6 22. Bb2 Bd6 23. Qd4 c5 24. Qh8+ Kf7 25. Qc3 d4 26. Nxd4 cxd4 27. Rxd4 Bb7 28. Re1 Bxg2 29. Qc4+ Ke8 30. Qa4+ Kd8 31. Ba3 Nf5 32. Nxf5 gxf5 33. Bb4 Be4 34. Bxd6 cxd6 35. Qb4 Kc7 36. Rc4+ Kd8 37. Qb6+ Ke7 38. Qc7+ Ke6 39. Rexe4+ fxe4 40. Rxe4+ Kf5 41. Qc4 Rfe8 42. Rxe8 Rxe8 43. Qf7+ Kg5 44. Qxe8 Qxh3 45. Qe7+ Kg6 46. Qxd6+ Kg5 47. Qd8+ Kg6 48. Qd6+ Kg5 49. Qxa6 h5 50. a4 h4 51. Qa5+ Qf5 52. Qe1 h3 53. a5 Qf3 54. a6 Qg2 55. a7 h2 56. Qe5+ Kg6 57. Qxh2 1-0

[Event "RB-2019-0-00381"]
[Site "LSS email"]
[Date "2019.11.22"]
[Round "?"]
[White "Habes, Jiri"]
[Black "Koronowski, Heinz Juergen"]
[Result "1-0"]
[WhiteElo "2007"]
[BlackElo "2034"]
[PlyCount "94"]
[EventDate "2019.10.07"]
[EventType "tourn (corr)"]
[EventRounds "6"]
[EventCountry "GER"]
[SourceTitle "Corr 2022"]
[Source "ChessBase"]
[SourceDate "2021.10.24"]
[SourceVersion "1"]
[SourceVersionDate "2021.10.24"]
[SourceQuality "1"]

1. d4 Nf6 2. c4 g6 3. Nc3 d5 4. cxd5 Nxd5 5. e4 Nxc3 6. bxc3 Bg7 7. Nf3 c5 8. Be3 Qa5 9. Nd2 cxd4 10. Nc4 Qd8 11. cxd4 0-0 12. Rb1 f5 13. Ne5 f4 14. Bc4+ e6 15. Bc1 Bxe5 16. dxe5 Qxd1+ 17. Kxd1 Nc6 18. Bb2 Rd8+ 19. Ke1 a6 20. Bb3 Na5 21. Rd1 Rxd1+ 22. Bxd1 Bd7 23. Bc3 Nc4 24. Ke2 Rc8 25. Kf3 b5 26. Kxf4 a5 27. Ba1 b4 28. Bg4 Rf8+ 29. Kg3 Nd2 30. f3 Rc8 31. Rd1 Rc2 32. Bd4 Nc4 33. Bg1 Rd2 34. Rxd2 Nxd2 35. Bd4 h5 36. Bh3 a4 37. Kf2 Kf7 38. Ke2 Nc4 39. Kd1 Bb5 40. Kc2 g5 41. g3 Na5 42. f4 g4 43. Bg2 Nc6 44. Bc5 Ba6 45. Kb2 Be2 46. Kb1 Ke8 47. Kb2 Kf7 1-0

[Event "RB-2019-0-00381"]
[Site "LSS email"]
[Date "2019.11.22"]
[Round "?"]
[White "Habes, Jiri"]
[Black "Sundqvist, Christer"]
[Result "0-1"]
[WhiteElo "2007"]
[BlackElo "2057"]
[PlyCount "96"]
[EventDate "2019.10.07"]
[EventType "tourn (corr)"]
[EventRounds "6"]
[EventCountry "GER"]
[SourceTitle "Corr 2022"]
[Source "ChessBase"]
[SourceDate "2021.10.24"]
[SourceVersion "1"]
[SourceVersionDate "2021.10.24"]
[SourceQuality "1"]

1. d4 d5 2. c4 c6 3. Nc3 Nf6 4. Nf3 dxc4 5. e3 b5 6. a4 b4 7. Na2 e6 8. Bxc4 Bb7 9. b3 Nbd7 10. 0-0 Bd6 11. Qe2 a5 12. e4 Be7 13. Bb2 0-0 14. Rad1 c5 15. Nd2 Nb6 16. Bb5 cxd4 17. e5 Nfd5 18. Ne4 Qc7 19. Bxd4 Nf4 20. Qg4 Ng6 21. Rc1 Qd8 22. Rfd1 Bd5 23. Nd2 h5 24. Qh3 Nh4 25. f3 Nd7 26. Kh1 g6 27. Nc4 Nf5 28. Bg1 Nc5 29. f4 Rc8 30. Rd2 Kg7 31. Rdd1 Rh8 32. Nd2 Qc7 33. Bc4 Rcd8 34. Bxd5 Rxd5 35. Bxc5 Bxc5 36. Qf3 h4 37. h3 Ne3 38. Qxe3 Bxe3 39. Rxc7 Rhd8 40. Rc2 Bxd2 41. Rf1 Be3 42. Kh2 Rd4 43. Re2 Rd1 44. Ree1 Bxf4+ 45. Kg1 Rxe1 46. Rxe1 Rd2 47. Nxb4 axb4 48. Kf1 Rb2 0-1

[Event "RB-2019-0-00381"]
[Site "LSS email"]
[Date "2019.11.22"]
[Round "?"]
[White "Vaassen, Jack M"]
[Black "Habes, Jiri"]
[Result "1/2-1/2"]
[WhiteElo "2107"]
[BlackElo "2007"]
[PlyCount "113"]
[EventDate "2019.10.07"]
[EventType "tourn (corr)"]
[EventRounds "6"]
[EventCountry "GER"]
[SourceTitle "Corr 2022"]
[Source "ChessBase"]
[SourceDate "2021.10.24"]
[SourceVersion "1"]
[SourceVersionDate "2021.10.24"]
[SourceQuality "1"]

1. e4 c5 2. Nf3 d6 3. Bb5+ Bd7 4. Bxd7+ Nxd7 5. 0-0 e6 6. d4 cxd4 7. Nxd4 a6 8. Qe2 Be7 9. c4 Rc8 10. Nc3 Bf6 11. Be3 Ne7 12. Rfd1 Nc6 13. Rac1 Nce5 14. b3 h5 15. f3 g5 16. Rf1 Qa5 17. Rfd1 Qd8 18. Qd2 Nc5 19. Rf1 Rg8 20. Rcd1 Be7 21. Nce2 Qc7 22. Qc2 Ncd7 23. Rc1 Bd8 24. Kh1 Qa5 25. Bd2 Qc5 26. Bc3 Ba5 27. Bb2 Bb4 28. Rfd1 Qc7 29. Nc3 h4 30. h3 Qb8 31. Qe2 Nf6 32. Qf2 Nh5 33. Nce2 Ng6 34. a3 Bc5 35. Qe1 Ke7 36. b4 Ba7 37. a4 f6 38. c5 Rgd8 39. cxd6+ Rxd6 40. Rb1 b5 41. axb5 axb5 42. Rdc1 Rxc1 43. Qxc1 Bxd4 44. Bxd4 Ng3+ 45. Nxg3 Rxd4 46. Ne2 Rc4 47. Qe3 Kf7 48. Rd1 Rxb4 49. f4 Nxf4 50. Nxf4 Qxf4 51. Qa7+ Kg6 52. Qe7 Rxe4 53. Qe8+ Kf5 54. Qxb5+ Qe5 55. Rf1+ Rf4 56. Qd3+ Qe4 57. Qb5+ 1/2-1/2

[Event "RB-2019-0-00381"]
[Site "LSS email"]
[Date "2019.11.22"]
[Round "?"]
[White "Zholob, Anatolij"]
[Black "Habes, Jiri"]
[Result "1-0"]
[WhiteElo "2081"]
[BlackElo "2007"]
[PlyCount "114"]
[EventDate "2019.10.07"]
[EventType "tourn (corr)"]
[EventRounds "6"]
[EventCountry "GER"]
[SourceTitle "Corr 2022"]
[Source "ChessBase"]
[SourceDate "2021.10.24"]
[SourceVersion "1"]
[SourceVersionDate "2021.10.24"]
[SourceQuality "1"]

1. e4 e5 2. Nf3 Nc6 3. Bc4 Nf6 4. Ng5 d5 5. exd5 Nxd5 6. Nxf7 Kxf7 7. Qf3+ Ke6 8. Nc3 Ncb4 9. 0-0 c6 10. d4 Kd7 11. a3 Nxc3 12. axb4 Nd5 13. Bxd5 cxd5 14. Ra5 Kc7 15. Rxd5 Qf6 16. Qg3 Bxb4 17. Bg5 Qc6 18. Rxe5 Bd6 19. Bf4 Rf8 20. Rc5 Rxf4 21. Rxc6+ bxc6 22. c4 Rf7 23. Qc3 Bb7 24. c5 Bf8 25. Qa5+ Kd7 26. b4 g6 27. Re1 Re7 28. Rd1 a6 29. d5 cxd5 30. b5 axb5 31. Qxb5+ Ke6 32. c6 Ba6 33. Qxd5+ Kf6 34. c7 Rc8 35. Ra1 Kg7 36. h3 Be2 37. Ra7 Kh8 38. Rb7 Rexc7 39. Rxc7 Rxc7 40. Qe5+ Rg7 41. Qxe2 Rf7 42. Qe5+ Bg7 43. Qb8+ Rf8 44. Qd6 Rf7 45. g4 Bf6 46. f4 h6 47. g5 hxg5 48. Qd5 Kg7 49. fxg5 Be7 50. Qe5+ Kh7 51. h4 Bf8 52. Kg2 Rf5 53. Qc7+ Bg7 54. Kg3 Rd5 55. Qc6 Rd3+ 56. Kf2 Rd4 57. h5 gxh5 1-0